000 00200 a2200097 4500
001 43831
100 _aFirman
245 _aThe World of Birds
260 _aLondon
_bParnell
_c
090 _c27593
_d27593
942 _aNUST-CAE
_cM
_c19550
999 _c278904
_d278904